Country Flags but Iran #2 - Statistics

General Stats
  • This quiz has been taken 17 times
  • The average score is 9 of 10
Answer Stats
Picture Answer % Correct
Georgia
100%
South Korea
100%
Bhutan
94%
Brazil
94%
Croatia
94%
Tajikistan
88%
Vatican
88%
Pakistan
81%
Mauritania
75%
Maldives
44%
No matching quizzes found
Score Distribution
Percent of People with Each Score
Percentile by Number Answered
Your Score History
You have not taken this quiz